[Event "VIII Floripa Chess Open 2022 - LIRA - mesa 1 a 205 - HOTEL FAIAL - 206 a 246"]
[Site "Lira Tênis Clube - Florianópolis/SC"]
[Date "2022.01.25"]
[Round "2"]
[Board "197"]
[White "De Albuquelque, Gabriel Tenorio"]
[Black "Esquinelato, Marcos Vinicius Molina"]
[Result "1-0"]
[WhiteElo "1634"]
[BlackElo "1800"]
[PlyCount "0"]
[EventDate "2022.01.24"]
[EventRounds "10"]
[EventCountry "BRA"]

1. d4 Nf6 2. Nf3 g6 3. Bf4 Bg7 4. e3 d6 5. Nbd2 O-O 6. c3 Nc6 7. Qc2 Nd5 8. Bg3 e5 9. dxe5 dxe5 10. O-O-O Qe7 11. h4 Bg4 12. Bd3 f5 13. Bc4 Rad8 14. Nb3 e4 15. Rxd5 Rxd5 16. Bxd5+ Kh8 17. Ng5 Nd8 18. Nd4 Rf6 19. Bf4 Ra6 20. Kb1 c5 21. Nb3 b5 22. f3 exf3 23. Bxf3 Bxf3 24. Nxf3 Nc6 25. h5 Kg8 26. Qd3 c4 27. Qd5+   1-0

[Event "VIII Floripa Chess Open 2022 - LIRA - mesa 1 a 205 - HOTEL FAIAL - 206 a 246"]
[Site "Lira Tênis Clube - Florianópolis/SC"]
[Date "2022.01.25"]
[Round "2"]
[Board "198"]
[White "Vaz, Vania Dora Madona"]
[Black "Gomes, Maria Eduarda Papini"]
[Result "0-1"]
[WhiteElo "1800"]
[BlackElo "1627"]
[PlyCount "0"]
[EventDate "2022.01.24"]
[EventRounds "10"]
[EventCountry "BRA"]

1. e4 c6 2. d4 d5 3. exd5 cxd5 4. Nf3 Nc6 5. Be2 Bf5 6. a3 e6 7. O-O Nf6 8. h3 Bd6 9. Re1 O-O 10. Nbd2 h6 11. Nh4 Bh7 12. Nb3 Ne4 13. Nf3 Qc7 14. Bd3 Rfc8 15. c4 Nxf2 16. Bxh7+ Kxh7 17. Qc2+ Kg8 18. Qxf2 Bg3 19. Qf1 Bxe1 20. Qxe1 dxc4 21. Nbd2 b5 22. Ne4 Rd8 23. Qg3 Qxg3 24. Nxg3 Nxd4 25. Nxd4 Rxd4 26. Be3 Rd7 27. Ne4 Rad8 28. Rf1 a5 29. Bb6 Ra8 30. Nc3 b4 31. Rd1 bxc3 32. Rxd7 cxb2 33. Rd1 Rb8   0-1

[Event "VIII Floripa Chess Open 2022 - LIRA - mesa 1 a 205 - HOTEL FAIAL - 206 a 246"]
[Site "Lira Tênis Clube - Florianópolis/SC"]
[Date "2022.01.25"]
[Round "2"]
[Board "199"]
[White "Carmo, Jose Arlindo"]
[Black "Iensue, Valentina Telman"]
[Result "1-0"]
[WhiteElo "1626"]
[BlackElo "1800"]
[PlyCount "0"]
[EventDate "2022.01.24"]
[EventRounds "10"]
[EventCountry "BRA"]

1. e4 c5 2. Nf3 Nc6 3. d4 cxd4 4. Nxd4 f6 5. Be2 g6 6. O-O f5 7. Nc3 Bg7 8. Be3 Nf6 9. Bf3 e5 10. Ndb5 O-O 11. Bc5 Re8 12. Nd6 Re6 13. exf5 Re7 14. fxg6 b6 15. gxh7+ Nxh7 16. Nxc8 bxc5 17. Nxe7+ Nxe7 18. Bxa8 Qxa8 19. Qd6 Qc6 20. Qxe7 Nf6 21. Qxe5 Ng4 22. Qd5+ Qxd5 23. Nxd5 Bd4 24. c3 Be5 25. h3 Nh2 26. Rfe1 Nf3+ 27. gxf3 Bg7 28. Re7 Bf8 29. Nf6+ Kh8 30. Rxd7 Bh6 31. Rh7#   1-0

[Event "VIII Floripa Chess Open 2022 - LIRA - mesa 1 a 205 - HOTEL FAIAL - 206 a 246"]
[Site "Lira Tênis Clube - Florianópolis/SC"]
[Date "2022.01.25"]
[Round "2"]
[Board "200"]
[White "Teramoto, Anderson"]
[Black "Soares, Vinicius Tuma"]
[Result "1-0"]
[WhiteElo "1617"]
[BlackElo "1800"]
[PlyCount "0"]
[EventDate "2022.01.24"]
[EventRounds "10"]
[EventCountry "BRA"]

1. c4 e5 2. g3 Nf6 3. Bg2 d6 4. Nc3 Bf5 5. Bxb7 Nbd7 6. Bxa8 Qxa8 7. f3 Be7 8. e4 Bg6 9. Nge2 O-O 10. Nd5 Re8 11. Nxc7 Qc8 12. Nxe8 Qxe8 13. b4 Bd8 14. a4 Be7 15. Nc3 a6 16. Nd5 a5 17. b5 Qa8 18. Nxe7+ Kh8 19. Nxg6+ fxg6 20. Ba3 d5 21. cxd5 Qa7 22. Rc1 Qb6 23. Rc8+ Nf8 24. Rxf8+ Ng8 25. Qc2 Qd6 26. Bxd6 g5 27. Qc8 g6 28. Rxg8#   1-0

[Event "VIII Floripa Chess Open 2022 - LIRA - mesa 1 a 205 - HOTEL FAIAL - 206 a 246"]
[Site "Lira Tênis Clube - Florianópolis/SC"]
[Date "2022.01.25"]
[Round "2"]
[Board "201"]
[White "Lima, Yuri Ramos Santos"]
[Black "Miranda, Catarina Oliveira"]
[Result "0-1"]
[WhiteElo "1800"]
[BlackElo "1615"]
[PlyCount "0"]
[EventDate "2022.01.24"]
[EventRounds "10"]
[EventCountry "BRA"]

1. c4 e6 2. Nc3 d5 3. e3 c6 4. Nf3 Bd6 5. d4 Nd7 6. c5 Bc7 7. b4 f5 8. Bd3 Ngf6 9. O-O O-O 10. Ne2 Ne4 11. Nd2 Qh4 12. g3 Qh6 13. Nf4 e5 14. Ng2 Ndf6 15. f3 Nxg3 16. Rf2 e4 17. Be2 Nxe2+ 18. Rxe2 Qxh2+   0-1

[Event "VIII Floripa Chess Open 2022 - LIRA - mesa 1 a 205 - HOTEL FAIAL - 206 a 246"]
[Site "Lira Tênis Clube - Florianópolis/SC"]
[Date "2022.01.25"]
[Round "2"]
[Board "202"]
[White "Monteiro, Daniel Zotelli"]
[Black "Arantes, Carlos Eduardo Goncalves"]
[Result "0-1"]
[WhiteElo "1614"]
[BlackElo "1779"]
[PlyCount "0"]
[EventDate "2022.01.24"]
[EventRounds "10"]
[EventCountry "BRA"]

1. e4 e6 2. d4 d5 3. Nc3 Nf6 4. Bg5 Be7 5. exd5 Nxd5 6. Bxe7 Qxe7 7. Nxd5 exd5+ 8. Qe2 Be6 9. O-O-O Nc6 10. Nf3 O-O 11. Qd2 a5 12. a3 Rfb8 13. Bb5 Nd8 14. Rde1 c6 15. Bd3 b5 16. Re3 c5 17. Rhe1 g6 18. Re5 c4 19. Bf1 Qf8 20. Ng5 b4 21. Nxe6 fxe6 22. R1e3 c3 23. Qd3 bxa3 24. Qxc3 axb2+ 25. Kb1 Rc8 26. Qa3 Qxf2 27. Bd3 Qg1+ 28. Re1 Qxd4 29. Qe7 Qa4 30. Kxb2 Rab8+ 31. Kc1 Qa1+ 32. Kd2 Qc3+   0-1

[Event "VIII Floripa Chess Open 2022 - LIRA - mesa 1 a 205 - HOTEL FAIAL - 206 a 246"]
[Site "Lira Tênis Clube - Florianópolis/SC"]
[Date "2022.01.25"]
[Round "2"]
[Board "203"]
[White "Manfroi, Alexander Giannini"]
[Black "Da Cunha, Gastao"]
[Result "1-0"]
[WhiteElo "1793"]
[BlackElo "1602"]
[PlyCount "0"]
[EventDate "2022.01.24"]
[EventRounds "10"]
[EventCountry "BRA"]

1. d4 e6 2. Bf4 d5 3. e3 Bd6 4. Bd3 Bxf4 5. exf4 c5 6. c3 cxd4 7. cxd4 Nc6 8. Nf3 Nf6 9. Nc3 O-O 10. O-O b6 11. Rc1 Bb7 12. Bb1 Rc8 13. Ne5 Qe7 14. a3 Na5 15. Qd3 g6 16. b4 Nc4 17. Ne2 Ba6 18. Nxc4 dxc4 19. Qc2 b5 20. Nc3 Qd7 21. Rfd1 Bb7 22. f3 a6 23. Ne4 Nxe4 24. fxe4 Rfd8 25. Qc3 Qc7 26. f5 exf5 27. exf5 Qf4 28. Rd2 Rd6 29. Rf1 Qg5 30. Re2 Rcd8 31. Be4 Bd5 32. fxg6 hxg6 33. Qf3 R6d7 34. h4 Bxe4 35. Rxe4 Qd5 36. Rfe1 f5 37. Re8+ Rxe8 38. Rxe8+ Kf7 39. Qxd5+ Rxd5 40. Ra8 Rxd4 41. Ra7+ Kf8 42. Kf2 Rxh4 43. Rxa6 Rg4 44. Rc6 Kf7 45. Rc5 Rd4 46. Rxb5 Rd3 47. a4 Rb3 48. Rb7+ Kf6 49. b5 Ra3 50. Ra7 c3 51. Ke2 Ke5 52. Kd3 Kd6 53. Ra6+ Kc5 54. Rxg6 Rxa4 55. b6 c2 56. Kxc2 Rb4 57. Kd3 Rb3+ 58. Ke2 Kd4 59. Kf2 Ke4 60. Ke2 Rb2+ 61. Kd1 Kd3 62. Kc1 Rb4 63. Rd6+ Ke3 64. Kc2 f4 65. Kc3 Rb1 66. Re6+ Kf2 67. Rg6 Rb5 68. Kc4 Rb1 69. Kc5 Rc1+ 70. Kd6 Rb1 71. Kc7 Rc1+ 72. Kb8 Rg1 73. b7 Rc1 74. Ka7 Ra1+ 75. Ra6 Rxa6+ 76. Kxa6 Kxg2 77. b8=Q f3 78. Qg8+ Kf1 79. Qc4+ Kf2 80. Qd4+ Kf1 81. Qd3+ Kg2 82. Qe4 Kg3 83. Qg6+ Kh2 84. Qf5 Kg3 85. Qe4 Kg2 86. Kb5 Kg3 87. Kc4 f2 88. Qh1 Kf4 89. Kd4   1-0

[Event "VIII Floripa Chess Open 2022 - LIRA - mesa 1 a 205 - HOTEL FAIAL - 206 a 246"]
[Site "Lira Tênis Clube - Florianópolis/SC"]
[Date "2022.01.25"]
[Round "2"]
[Board "204"]
[White "Santiago, Mauro"]
[Black "Santana, Luiz Alberto"]
[Result "1-0"]
[WhiteElo "1602"]
[BlackElo "1770"]
[PlyCount "0"]
[EventDate "2022.01.24"]
[EventRounds "10"]
[EventCountry "BRA"]

1. d4 d5 2. c4 c6 3. Nc3 Nf6 4. e3 e6 5. Nf3 Be7 6. Bd3 dxc4 7. Bxc4 b5 8. Bd3 Bb7 9. O-O O-O 10. e4 Nbd7 11. e5 Nd5 12. Nxd5 cxd5 13. Bxb5 Rc8 14. Bxd7 Qxd7 15. Be3 Rc6 16. Qd2 Rb6 17. a3 Ba6 18. Rfc1 Rfb8 19. b4 Bc4 20. Qc2 Rc8 21. Ng5 Bxg5 22. Bxg5 Rbc6 23. Qd2 Qb7 24. a4 Rb6 25. Rcb1 Qd7 26. Qe3 Rcb8 27. Qa3 Rc8 28. Qg3 Re8 29. Bf6 g6 30. Qg5   1-0

[Event "VIII Floripa Chess Open 2022 - LIRA - mesa 1 a 205 - HOTEL FAIAL - 206 a 246"]
[Site "Lira Tênis Clube - Florianópolis/SC"]
[Date "2022.01.25"]
[Round "2"]
[Board "205"]
[White "De Almeida, Leticia Moraes"]
[Black "Santillan, Julian"]
[Result "0-1"]
[WhiteElo "1771"]
[BlackElo "1599"]
[PlyCount "0"]
[EventDate "2022.01.24"]
[EventRounds "10"]
[EventCountry "BRA"]

1. e3 e5 2. d3 d5 3. Be2 Nf6 4. b3 c5 5. Bb2 Bd6 6. Nf3 Nbd7 7. d4 e4 8. Nfd2 cxd4 9. Bxd4 Be5 10. O-O Bxd4 11. exd4 O-O 12. f3 e3 13. c3 Re8 14. Re1 exd2 15. Nxd2 Nf8 16. Qc2 Ng6 17. Rac1 Nf4 18. Bb5 Rxe1+ 19. Rxe1 Bd7 20. Bf1 Qc7 21. Bd3 Nxd3 22. Qxd3 Re8 23. Rc1 Qf4 24. Qc2 Re2 25. Rd1 Qe3+ 26. Kh1 Qf2 27. Rg1 Bh3   0-1

[Event "VIII Floripa Chess Open 2022 - LIRA - mesa 1 a 205 - HOTEL FAIAL - 206 a 246"]
[Site "Lira Tênis Clube - Florianópolis/SC"]
[Date "2022.01.25"]
[Round "2"]
[Board "206"]
[White "De Souza, Regis Gabetta"]
[Black "Hataby, Raed"]
[Result "1-0"]
[WhiteElo "1800"]
[BlackElo "1988"]
[PlyCount "0"]
[EventDate "2022.01.24"]
[EventRounds "10"]
[EventCountry "BRA"]

1. d4 d6 2. c4 g6 3. Nc3 Bg7 4. e4 Nf6 5. f3 Nbd7 6. Bd3 e5 7. d5 Nc5 8. Bc2 a5 9. Nge2 Bd7 10. O-O O-O 11. Be3 h6 12. Qd2 Kh7 13. Ng3 Qe8 14. Rae1 Nfxe4 15. Ngxe4 Nxe4 16. Bxe4 f5 17. Bd3 f4 18. Qc2 fxe3 19. Rxe3 Bf5 20. Ne4 Qe7 21. c5 dxc5 22. Nxc5 Bxd3 23. Rxd3 Rf5 24. Ne6 e4 25. f4 Re5 26. Rg3 Rxe6 27. dxe6 Qxe6 28. Qxc7 Qc6 29. Qxc6 Bd4+ 30. Kh1 bxc6 31. Rb3 Ra7 32. g4 Re7 33. Kg2 Kg7 34. Re1 Kf6 35. Rd1 e3 36. Kf3 c5 37. Rb6+   1-0

[Event "VIII Floripa Chess Open 2022 - LIRA - mesa 1 a 205 - HOTEL FAIAL - 206 a 246"]
[Site "Lira Tênis Clube - Florianópolis/SC"]
[Date "2022.01.25"]
[Round "2"]
[Board "209"]
[White "Vilas Boas, Crisolon Terto"]
[Black "Boff, Lucas Strauss"]
[Result "0-1"]
[WhiteElo "1488"]
[BlackElo "2023"]
[PlyCount "0"]
[EventDate "2022.01.24"]
[EventRounds "10"]
[EventCountry "BRA"]

1. e4 d6 2. d4 Nf6 3. Nc3 g6 4. f3 c6 5. Nge2 Nbd7 6. Be3 Qc7 7. Qd2 b5 8. a3 Nb6 9. Ng3 a6 10. Bh6 Bxh6 11. Qxh6 c5 12. d5 b4 13. Nb1 Bd7 14. b3 a5 15. a4 c4 16. Qd2 c3 17. Qe3 Qc5 18. Qxc5 dxc5 19. Bd3 Bc8 20. Bb5+ Kd8 21. Ne2 Ba6 22. O-O Ne8 23. Nbxc3 bxc3 24. Nxc3 Bxb5 25. Nxb5 c4 26. Rad1 Nd6 27. Nd4 Ke8 28. Rfe1 f6 29. h4 Kf7 30. g4 Nd7 31. f4 cxb3 32. cxb3 Nc5 33. e5 Nde4 34. e6+ Kg7 35. f5 Rhd8 36. Kg2 Rab8 37. Nb5 Nd6 38. Nxd6 exd6 39. Re3 Rxb3 40. Rxb3 Nxb3 41. Rb1 Rb8 42. h5 g5 43. h6+ Kf8 44. Kg3 Rb7 45. Kf2 Nc5 46. Ra1 Rb4 47. Kf3 Rxa4 48. Rb1   0-1

[Event "VIII Floripa Chess Open 2022 - LIRA - mesa 1 a 205 - HOTEL FAIAL - 206 a 246"]
[Site "Lira Tênis Clube - Florianópolis/SC"]
[Date "2022.01.25"]
[Round "2"]
[Board "210"]
[White "Marques, Eudes Pinto"]
[Black "Lopes, Marcia Maria Dias"]
[Result "1-0"]
[WhiteElo "1857"]
[BlackElo "1363"]
[PlyCount "0"]
[EventDate "2022.01.24"]
[EventRounds "10"]
[EventCountry "BRA"]

1. c4 Nf6 2. Nc3 c6 3. e4 d6 4. d4 Nbd7 5. Nf3 a6 6. a4 g6 7. Bd3 Bg7 8. O-O O-O 9. b4 b6 10. Be3 Bb7 11. a5 Re8 12. axb6 Nxb6 13. Qb3 e6 14. c5 Nc8 15. Rfd1 Qc7 16. cxd6 Nxd6 17. e5 Nb5 18. exf6 Bxf6 19. Ne4 Bg7 20. Nc5 Bc8 21. Bc4 Qe7 22. Bxb5 cxb5 23. Ra5 e5 24. Nxe5 Bxe5 25. dxe5 Qxe5 26. h3 Be6 27. Nxe6 Qxe6 28. Qxe6 Rxe6 29. Rda1 Rd6 30. Rxb5 axb5 31. Rxa8+ Kg7 32. Rb8   1-0

[Event "VIII Floripa Chess Open 2022 - LIRA - mesa 1 a 205 - HOTEL FAIAL - 206 a 246"]
[Site "Lira Tênis Clube - Florianópolis/SC"]
[Date "2022.01.25"]
[Round "2"]
[Board "212"]
[White "Neitzel, Jonatan"]
[Black "Frassetto, Eduarda"]
[Result "1-0"]
[WhiteElo "1592"]
[BlackElo "1761"]
[PlyCount "0"]
[EventDate "2022.01.24"]
[EventRounds "10"]
[EventCountry "BRA"]

1. c4 e5 2. Nc3 Nc6 3. g3 Bc5 4. Bg2 Nf6 5. d3 d6 6. Nf3 Be6 7. O-O Qd7 8. Ng5 Bf5 9. Nce4 Nxe4 10. Nxe4 Bb6 11. Re1 h5 12. h4 O-O-O 13. Nc3 Ne7 14. a4 Ba5 15. Rb1 c5 16. Bd2 Be6 17. Nb5 Bb6 18. a5 Bc7 19. Nxa7+ Kb8 20. Qb3 Bxa5 21. Bxa5 Kxa7 22. Ra1 Ra8 23. Bc7+   1-0

[Event "VIII Floripa Chess Open 2022 - LIRA - mesa 1 a 205 - HOTEL FAIAL - 206 a 246"]
[Site "Lira Tênis Clube - Florianópolis/SC"]
[Date "2022.01.25"]
[Round "2"]
[Board "213"]
[White "Carvalho, Kayle Fabricio Amorim"]
[Black "Mayara Sibowicz, Giovanna"]
[Result "1-0"]
[WhiteElo "1768"]
[BlackElo "1589"]
[PlyCount "0"]
[EventDate "2022.01.24"]
[EventRounds "10"]
[EventCountry "BRA"]

1. d4 Nf6 2. c4 d6 3. Nc3 Nbd7 4. Qc2 e5 5. Nf3 exd4 6. Nxd4 Be7 7. Bg5 O-O 8. e3 Ng4 9. Bxe7 Qxe7 10. h3 Nge5 11. Nd5 Qd8 12. f4 Qh4+ 13. Qf2 Qxf2+ 14. Kxf2 c6 15. fxe5 cxd5 16. exd6 dxc4 17. Bxc4 Ne5 18. Be2 Rd8 19. Nb5 a6 20. Nc7 Rb8 21. Rhd1 Bf5 22. Rac1 Rbc8 23. g4 Be4 24. g5 Rd7 25. Nxa6 Rxc1 26. Rxc1 Nc6 27. Nc5 Rxd6 28. Nxe4 Rd8 29. a3 Kf8 30. b4 Ne5 31. Rc7 b6 32. Rb7 Ra8 33. Rxb6 Rxa3 34. Rb7 Ra2 35. Nd6 Nd3+ 36. Kf3 Ne5+ 37. Kf4 Ng6+ 38. Kf3 Ne5+ 39. Ke4 Rxe2 40. Kxe5 Rxe3+ 41. Kf4 Rxh3 42. Rxf7+ Kg8 43. Re7 h6 44. g6   1-0

[Event "VIII Floripa Chess Open 2022 - LIRA - mesa 1 a 205 - HOTEL FAIAL - 206 a 246"]
[Site "Lira Tênis Clube - Florianópolis/SC"]
[Date "2022.01.25"]
[Round "2"]
[Board "214"]
[White "Moretto, Heitor Frainer"]
[Black "Da Silva, Miguel Michels"]
[Result "1-0"]
[WhiteElo "1587"]
[BlackElo "1730"]
[PlyCount "0"]
[EventDate "2022.01.24"]
[EventRounds "10"]
[EventCountry "BRA"]

1. e4 e5 2. Nf3 Nc6 3. Bc4 Bc5 4. O-O Nf6 5. d3 d6 6. c3 O-O 7. Nbd2 Bg4 8. h3 Bh5 9. Re1 Re8 10. Nf1 h6 11. Ng3 Bg6 12. Nh2 a6 13. Bb3 b5 14. Qf3 Qd7 15. Bxh6 gxh6 16. Qxf6 Qe7 17. Qxg6+   1-0

[Event "VIII Floripa Chess Open 2022 - LIRA - mesa 1 a 205 - HOTEL FAIAL - 206 a 246"]
[Site "Lira Tênis Clube - Florianópolis/SC"]
[Date "2022.01.25"]
[Round "2"]
[Board "215"]
[White "Furtado, Ian"]
[Black "Decezare, Jucian Kaue"]
[Result "0-1"]
[WhiteElo "1740"]
[BlackElo "1570"]
[PlyCount "0"]
[EventDate "2022.01.24"]
[EventRounds "10"]
[EventCountry "BRA"]

1. e4 c5 2. Nc3 d6 3. Nf3 Nf6 4. Bc4 e6 5. Qe2 Nc6 6. O-O a6 7. d3 b5 8. Nxb5 axb5 9. Bxb5 Bd7 10. Bg5 Be7 11. Rfe1 O-O 12. Qe3 Nb4 13. Qc1 Bxb5 14. Rd1 Rxa2 15. c3 Rxa1 16. Qxa1 Nxd3 17. Qa2 c4 18. b3 Qc7 19. Qa3 Qc5 20. Qa5 Nxf2 21. b4 Nh3+ 22. Kh1 Qg1+ 23. Nxg1 Nf2#   0-1

[Event "VIII Floripa Chess Open 2022 - LIRA - mesa 1 a 205 - HOTEL FAIAL - 206 a 246"]
[Site "Lira Tênis Clube - Florianópolis/SC"]
[Date "2022.01.25"]
[Round "2"]
[Board "216"]
[White "Miranda Pereira, Emmanuel"]
[Black "Roeder, Larissa Taina"]
[Result "1-0"]
[WhiteElo "1557"]
[BlackElo "1696"]
[PlyCount "0"]
[EventDate "2022.01.24"]
[EventRounds "10"]
[EventCountry "BRA"]

1. d4 d5 2. Nf3 e6 3. c4 Nf6 4. e3 c5 5. Nc3 Nc6 6. cxd5 Nxd5 7. Nxd5 exd5 8. dxc5 Bxc5 9. Be2 O-O 10. O-O Be6 11. a3 a6 12. b4 Be7 13. Bb2 Bf6 14. Qd2 Bxb2 15. Qxb2 Re8 16. Rfd1 Qc8 17. Rac1 Qd8 18. Nd4 Qf6 19. Bf3 Red8 20. Qa2 Ne7 21. Rc7 Rab8 22. Qc2 Rdc8 23. Qc5 Kf8 24. Qb6 Qe5 25. Rxb7 Rxb7 26. Qxb7 Qd6 27. Nxe6+ fxe6 28. Qa7 Rc7 29. Qd4 Qc6 30. Bg4 Kf7 31. Qf4+ Kg8 32. Bxe6+ Qxe6 33. Qxc7 h6 34. h3 Nf5 35. Qd8+ Kh7 36. Qxd5 Qc8 37. Qe4 g6 38. g4   1-0

[Event "VIII Floripa Chess Open 2022 - LIRA - mesa 1 a 205 - HOTEL FAIAL - 206 a 246"]
[Site "Lira Tênis Clube - Florianópolis/SC"]
[Date "2022.01.25"]
[Round "2"]
[Board "217"]
[White "Fanckin, Murilo"]
[Black "Gomes, Carlos"]
[Result "1/2-1/2"]
[WhiteElo "1599"]
[BlackElo "1554"]
[PlyCount "0"]
[EventDate "2022.01.24"]
[EventRounds "10"]
[EventCountry "BRA"]

1. d4 d5 2. c4 c6 3. Nc3 Nf6 4. Nf3 e6 5. e3 Be7 6. Bd3 dxc4 7. Bxc4 O-O 8. O-O Nbd7 9. Qe2 a6 10. e4 Nb6 11. Bb3 Qc7 12. Be3 Bd7 13. Rfd1 Rad8 14. Rac1 Ne8 15. d5 Nc8 16. dxc6 Bxc6 17. Rxd8 Qxd8 18. Rd1 Qc7 19. Qc2 Nf6 20. a3 Rd8 21. Ba2 Rxd1+ 22. Qxd1 Nxe4 23. Nxe4 Bxe4 24. h3 h6 25. Nd2 Bg6 26. Bb1 Bxb1 27. Qxb1 Nd6 28. Qd1 Nf5 29. Nf1 Nxe3 30. Nxe3 Bf6 31. b3 Be7 32. a4 b5 33. axb5 axb5 34. Kh1 Qc5 35. Qd7 b4 36. Qe8+ Bf8 37. Qa4 Qc1+ 38. Kh2 Bd6+ 39. g3 Qd2 40. Kg2 Bc5 41. Qa8+ Kh7 42. Qe4+ g6 43. Qf4 Bxe3 44. Qxf7+ Kh8 45. Qf8+ Kh7 46. Qf7+ Kh8 47. Qf8+ Kh7   1/2-1/2

[Event "VIII Floripa Chess Open 2022 - LIRA - mesa 1 a 205 - HOTEL FAIAL - 206 a 246"]
[Site "Lira Tênis Clube - Florianópolis/SC"]
[Date "2022.01.25"]
[Round "2"]
[Board "218"]
[White "Munhoz, Joao Pedro"]
[Black "Vieira, Luiza Lessing"]
[Result "1-0"]
[WhiteElo "1550"]
[BlackElo "1489"]
[PlyCount "0"]
[EventDate "2022.01.24"]
[EventRounds "10"]
[EventCountry "BRA"]

1. e4 c5 2. Nc3 d6 3. g3 Nf6 4. Bg2 a6 5. a4 e6 6. d3 Be7 7. f4 Nbd7 8. Nf3 Qc7 9. O-O O-O 10. h3 h6 11. Be3 b6 12. Qd2 Kh7 13. g4 Rg8 14. Ne2 Qd8 15. Ng3 g6 16. c4 Bb7 17. g5 hxg5 18. fxg5 Nh5 19. Qf2 Nxg3 20. Qxg3 Kg7 21. Nh2 f6 22. gxf6+ Nxf6 23. Rf2 Rf8 24. Raf1 Ra7 25. Bf3 Kf7 26. Ng4 Nxg4 27. Bxg4+ Ke8 28. Bxe6 Bf6 29. Qxg6+ Ke7 30. Rxf6 Qe8 31. Qg7+ Kd8 32. Rxf8 Bc6 33. Bg5+ Re7 34. Qxe7#   1-0

[Event "VIII Floripa Chess Open 2022 - LIRA - mesa 1 a 205 - HOTEL FAIAL - 206 a 246"]
[Site "Lira Tênis Clube - Florianópolis/SC"]
[Date "2022.01.25"]
[Round "2"]
[Board "219"]
[White "Oliveira, Francisco Evandro S."]
[Black "Felix, Joao Eduardo Orlandi"]
[Result "0-1"]
[WhiteElo "1437"]
[BlackElo "1546"]
[PlyCount "0"]
[EventDate "2022.01.24"]
[EventRounds "10"]
[EventCountry "BRA"]

1. c4 e5 2. g3 f5 3. Bg2 Nc6 4. Nc3 Nf6 5. e3 d6 6. Nge2 g6 7. O-O Bg7 8. Nd5 O-O 9. Nxf6+ Qxf6 10. Nc3 Ne7 11. a3 c6 12. b4 f4 13. Bb2 Qe6 14. d3 Bh6 15. b5 fxe3 16. fxe3 Bxe3+ 17. Kh1 Rxf1+ 18. Qxf1 Bd7 19. Qe2 Bh6 20. bxc6 Bxc6 21. Nd5 Nxd5 22. cxd5 Bxd5 23. Re1 Bg7 24. Bxd5 Qxd5+ 25. Kg1 Rf8 26. Rf1 Qc5+ 27. Kh1 Rxf1+ 28. Qxf1 Qc2 29. Bc1 e4 30. dxe4 Qxe4+ 31. Qg2 d5 32. Qxe4 dxe4 33. Be3 a6 34. Kg2 Kf7 35. g4 Ke6 36. Kg3 Kd5 37. h4 Be5+ 38. Kf2 b5 39. Bd2 Kd4 40. Be3+ Kd3 41. Bc5 Bd4+   0-1

[Event "VIII Floripa Chess Open 2022 - LIRA - mesa 1 a 205 - HOTEL FAIAL - 206 a 246"]
[Site "Lira Tênis Clube - Florianópolis/SC"]
[Date "2022.01.25"]
[Round "3"]
[Board "11"]
[White "Mazetto, Sergio Luiz"]
[Black "Di Berardino, Diego Rafael"]
[Result "0-1"]
[WhiteElo "2084"]
[BlackElo "2480"]
[PlyCount "70"]
[EventDate "2022.01.24"]
[EventRounds "10"]
[EventCountry "BRA"]

1. c4 e5 2. g3 Nf6 3. Bg2 d5 4. cxd5 Nxd5 5. Nf3 Nc6 6. O-O Nb6 7. b3 Bd6 8.
Nc3 f5 9. d3 O-O 10. Nd2 Nd4 11. Nc4 c6 12. Nxd6 Qxd6 13. Bd2 a6 14. Rc1 Be6
15. e3 Nb5 16. Ne2 Nd5 17. a4 Nbc7 18. e4 Nb4 19. d4 fxe4 20. Bxe4 Rad8 21.
dxe5 Qe7 22. Nd4 c5 23. Qh5 g6 24. Bxg6 cxd4 25. Bxh7+ Qxh7 26. Qxh7+ Kxh7 27.
Rxc7+ Rf7 28. Rxf7+ Bxf7 29. f4 Bxb3 30. f5 Nd3 31. e6 Nb2 32. Rb1 d3 33. e7
Re8 34. Rxb2 Rxe7 35. f6 Rd7  0-1

[Event "VIII Floripa Chess Open 2022 - LIRA - mesa 1 a 205 - HOTEL FAIAL - 206 a 246"]
[Site "Lira Tênis Clube - Florianópolis/SC"]
[Date "2022.01.25"]
[Round "3"]
[Board "12"]
[White "Cubas, Jose Fernando"]
[Black "Martins, Anderson Donay"]
[Result "1-0"]
[WhiteElo "2469"]
[BlackElo "2072"]
[PlyCount "47"]
[EventDate "2022.01.24"]
[EventRounds "10"]
[EventCountry "BRA"]

1. e4 c5 2. Nc3 Nc6 3. Bb5 Nd4 4. Nf3 Nxb5 5. Nxb5 d6 6. d4 a6 7. Nc3 Bg4 8.
dxc5 dxc5 9. Qxd8+ Rxd8 10. Ne5 Bc8 11. Nd5 e6 12. Nc7+ Ke7 13. Be3 Kf6 14.
Bg5+ Kxg5 15. Nxf7+ Kf6 16. Nxd8 Nh6 17. e5+ Kf5 18. g4+ Kxe5 19. O-O-O Be7 20.
Ndxe6 Nxg4 21. f3 Bxe6 22. Rhe1+ Kf4 23. Rxe6 Bd8 24. Re8  1-0

[Event "VIII Floripa Chess Open 2022 - LIRA - mesa 1 a 205 - HOTEL FAIAL - 206 a 246"]
[Site "Lira Tênis Clube - Florianópolis/SC"]
[Date "2022.01.25"]
[Round "3"]
[Board "14"]
[White "Matsuura, Everaldo"]
[Black "Souza Dos Santos, Matheus Garcett"]
[Result "1-0"]
[WhiteElo "2441"]
[BlackElo "2054"]
[PlyCount "54"]
[EventDate "2022.01.24"]
[EventRounds "10"]
[EventCountry "BRA"]

1. e4 c5 2. Nf3 d6 3. d4 cxd4 4. Nxd4 Nf6 5. Nc3 a6 6. f3 e6 7. Be3 b5 8. Qd2
Bb7 9. O-O-O Nbd7 10. g4 Nb6 11. Qf2 Nfd7 12. Bd3 Rc8 13. Nce2 d5 14. e5 Nc4
15. f4 Qa5 16. Kb1 Nc5 17. Bc1 Ne4 18. Qg2 b4 19. f5 exf5 20. e6 fxe6 21. gxf5
e5 22. Bxe4 exd4 23. Bf3 Kd8 24. Nxd4 Kc7 25. Ne6+ Kb8 26. Bxd5 Na3+ 27. bxa3
bxa3  1-0

[Event "VIII Floripa Chess Open 2022 - LIRA - mesa 1 a 205 - HOTEL FAIAL - 206 a 246"]
[Site "Lira Tênis Clube - Florianópolis/SC"]
[Date "2022.01.25"]
[Round "3"]
[Board "15"]
[White "Lutz, Igor Oscar"]
[Black "Molina, Roberto Junio Brito"]
[Result "0-1"]
[WhiteElo "2044"]
[BlackElo "2420"]
[PlyCount "58"]
[EventDate "2022.01.24"]
[EventRounds "10"]
[EventCountry "BRA"]

1. d4 Nf6 2. c4 g6 3. Nc3 d5 4. cxd5 Nxd5 5. e4 Nxc3 6. bxc3 Bg7 7. Be3 c5 8.
Bc4 Nc6 9. Ne2 O-O 10. O-O Qc7 11. Qc2 Na5 12. Bb3 Nxb3 13. axb3 cxd4 14. Bxd4
Bxd4 15. Nxd4 Rd8 16. Rfd1 Bg4 17. f3 Bd7 18. c4 Rac8 19. Qf2 a5 20. Ne2 a4 21.
bxa4 Bxa4 22. Rxd8+ Qxd8 23. Qa7 Bb3 24. Qxb7 Bxc4 25. Rc1 Rb8 26. Qxb8 Qxb8
27. Rxc4 Kg7 28. g3 Qb5 29. Rc2 Qd3  0-1